Biological phosphorus removal: manual for design and operation
Spremljeno u:
| Glavni autori: | , , |
|---|---|
| Format: | Knjiga |
| Jezik: | engleski |
| Izdano: |
Londres
IWA
2002
|
| Izdanje: | 1a. ed |
| Serija: | Stowa Report
|
| Teme: | |
| Oznake: |
Dodaj oznaku
Bez oznaka, Budi prvi tko označuje ovaj zapis!
|
MARC
| LEADER | 00000nam a2200000 a 4500 | ||
|---|---|---|---|
| 001 | UCJ0351 | ||
| 003 | CL-VaPUC | ||
| 008 | 060721e20020000UK |||||||||||||||||eng|d | ||
| 020 | |a 1843390124 | ||
| 082 | 0 | 4 | |a 628.166 |b JAN |2 21 |
| 100 | 0 | |a Janssen, P. M. J |e author |9 500496 | |
| 700 | 0 | |a Meinema, K |e author |9 500497 | |
| 700 | 0 | |a Roest, H. F. van der |e author |9 500498 | |
| 245 | 1 | 0 | |a Biological phosphorus removal: manual for design and operation |
| 250 | |a 1a. ed | ||
| 300 | |a 210 p | ||
| 942 | |c BK | ||
| 945 | |d 20060721 00:00:00 |a cmena | ||
| 260 | |a Londres |b IWA |c 2002 | ||
| 500 | |a Incluye Cd-Rom | ||
| 650 | 0 | |a Tratamiento del agua |9 262889 | |
| 650 | 0 | |a Fósforo |9 269627 | |
| 650 | 0 | |a Biotecnología |9 259561 | |
| 650 | 0 | |a Química del agua |9 261152 | |
| 583 | |a last modification |c 20161003 11:36:34 |k Rodrigo Vera | ||
| 490 | 0 | |a Stowa Report | |
| 999 | |c 317212 |d 317210 | ||
| 952 | |0 0 |1 0 |4 0 |6 628_166000000000000_JAN_2002 |7 0 |8 A |9 393234 |a BIBING |b BIBING |d 2019-11-22 |i 4258304 |o 628.166 JAN 2002 |p 4258304 |r 2025-01-20 |w 2019-11-22 |y BK |k EIB | ||